|
|
|
|
| LEADER |
01243nam a2200349 a 4500 |
| 001 |
000784028 |
| 003 |
CZ BrMZK |
| 005 |
20050919104354.0 |
| 007 |
ta |
| 008 |
050727s2004 xr erp 000 0 cze d |
| 015 |
|
|
|a cnb001576697
|
| 020 |
|
|
|a 80-7044-633-1
|q (brož.)
|
| 035 |
|
|
|a (OCoLC)85159414
|
| 040 |
|
|
|a BOA001
|b cze
|
| 072 |
|
7 |
|a 343
|x Trestní právo
|2 Konspekt
|9 16
|
| 072 |
|
7 |
|a 37.016
|x Učební osnovy. Vyučovací předměty. Učebnice
|2 Konspekt
|9 22
|
| 080 |
|
|
|a 343
|2 MRF
|
| 080 |
|
|
|a (075.8)
|2 MRF
|
| 100 |
1 |
|
|a Kurešová, Jana
|7 mzk2005294807
|4 aut
|
| 245 |
1 |
0 |
|a Základy trestního práva /
|c Jana Kurešová
|
| 250 |
|
|
|a Vyd. 1.
|
| 260 |
|
|
|a Ústí nad Labem :
|b Univerzita J.E. Purkyně v Ústí nad Labem, Pedagogická fakulta,
|c 2004
|
| 300 |
|
|
|a 52 s. ;
|c 21 cm
|
| 500 |
|
|
|a 50 výt.
|
| 504 |
|
|
|a Obsahuje bibliografii
|
| 521 |
8 |
|
|a Určeno studentům bakalářského studijního programu Sociálně pedagogická asistence
|
| 650 |
0 |
7 |
|a trestní právo
|7 ph116481
|2 czenas
|
| 655 |
|
7 |
|a učebnice vysokých škol
|7 fd133772
|2 czenas
|
| 910 |
|
|
|a BOA001
|b 2-1155.644
|
| 990 |
|
|
|a BK
|
| 991 |
|
|
|b 200509
|c NOV
|
| 996 |
6 |
|
|b 2610258051
|c 2-1155.644
|l MZK
|r Sklad / do 1 hodiny
|n 1
|p p.v.
|w 000784028
|u 000010
|a 1
|e BOA001
|j MZK50
|s P
|